000
00318nam a22001337a 4500
003
MACL
005
20160130170958.0
008
160130b xxu||||| |||| 00| 0 eng d
040
_c
MACL
041
_a
English
245
_a
The Orient Black Swan School Atlas
260
_a
Hyderabad
_b
Orient BlackSwan
942
_2
ddc
_c
BK
999
_c
52969
_d
52969